Central Library OPAC University of Rajshahi

মধ্যযুগীয় বাংলা সাহিত্যে হিন্দী সুফী কাব্যের প্রভাব / (Record no. 39103)

MARC details
000 -LEADER
fixed length control field 01136nam a22002657a 4500
001 - CONTROL NUMBER
control field 39103
003 - CONTROL NUMBER IDENTIFIER
rucl marc code BD-RjUL
005 - DATE AND TIME OF LATEST TRANSACTION
control field 20211209052922.0
008 - FIXED-LENGTH DATA ELEMENTS--GENERAL INFORMATION
fixed length control field 160404s2000 bg ||||| b||| 001 0 ben d
020 ## - INTERNATIONAL STANDARD BOOK NUMBER
International Standard Book Number 9840743651
Terms of availability : Tk. 200.00
035 ## - SYSTEM CONTROL NUMBER
System control number (BD-RjUL) 39215
040 ## - CATALOGING SOURCE
Original cataloging agency BD-RjUL
Language of cataloging ben
Transcribing agency BD-RjUL
041 ## - LANGUAGE CODE
Language code of text/sound track or separate title ben
082 ## - DEWEY DECIMAL CLASSIFICATION NUMBER
Edition number 23
Classification number 891.4409
Author mark and year KHM 2003
100 ## - MAIN ENTRY--PERSONAL NAME
Personal name খানম, মাহমুদা
9 (RLIN) 120669
245 10 - TITLE STATEMENT
Title মধ্যযুগীয় বাংলা সাহিত্যে হিন্দী সুফী কাব্যের প্রভাব /
Statement of responsibility, etc. মাহমুদা খানম
260 ## - PUBLICATION, DISTRIBUTION, ETC. (IMPRINT)
Place of publication, distribution, etc. ঢাকা :
Name of publisher, distributor, etc. বাংলা একাডেমী,
Date of publication, distribution, etc. ২০০৩
300 ## - PHYSICAL DESCRIPTION
Pagination [১০], ৪০৬ পৃ.;
Size ২২ সেমি.
490 ## - SERIES STATEMENT
Series statement বাএ ;
Volume/sequential designation ৪৩৫৬
504 ## - BIBLIOGRAPHY, ETC. NOTE
Bibliography, etc তথ্য নির্দেশিকা সংযুক্ত।
650 ## - SUBJECT ADDED ENTRY--TOPICAL TERM
Topical term or geographic name as entry element বাংলা সাহিত্য
9 (RLIN) 120670
Form subdivision ইতিহাস ও সমালোচনা
Topical term or geographic name as entry element Bengali Literature
9 (RLIN) 120671
Form subdivision History and Criticism
830 ## - SERIES ADDED ENTRY--UNIFORM TITLE
Uniform title বাএ ;
Volume number/sequential designation ৪৩৫৬
942 ## - ADDED ENTRY ELEMENTS (KOHA)
Source of classification or shelving scheme Dewey Decimal Classification
Koha item type Books
Holdings
Lost status Source of classification or shelving scheme Damaged status Not for loan Collection code Permanent Location Current Location Shelving location Date acquired Source of acquisition Cost, normal purchase price Total Checkouts Full call number Date last seen Copy number Koha item type
  Dewey Decimal Classification   Not For Loan Non-fiction Central Library, University of Rajshahi Central Library, University of Rajshahi Reading Room 23/06/2013 Bangla Academi , Dhaka 200.00   B 891.4409 KHM 2003 04/04/2016 C-1 Books
  Dewey Decimal Classification     Non-fiction Central Library, University of Rajshahi Central Library, University of Rajshahi   23/06/2013 Bangla Academy, Dhaka 200.00   B 891.4409 KHM 2003 04/04/2016 C-2 Books
  Dewey Decimal Classification     Non-fiction Central Library, University of Rajshahi Central Library, University of Rajshahi   23/06/2013 Bangla Academy, Dhaka 200.00   B 891.4409 KHM 2003 04/04/2016 C-3 Books